• 首页
  • 本馆介绍
  • 公告通知
  • 最新文献
  • 馆藏检索
  • 电子资源
  • 读者导购
  • 参考咨询
  • 我的图书馆
  • 登录
  • 详细信息显示
  • 放入我的书架
  • 预约/预借图书
  • 作者相关作品
  • 分类相关作品
  • 丛书相关作品
  • 出版社相关作品

书目信息

  • 表格格式
  • 工作单格式
  • 卡片格式
题名:
平原烈火
    
 
作者: 徐光耀 著 ;林易 改写
分册:  
出版信息: 北京   外语教学与研究出版社  1985
页数: 163页
开本: 21cm
丛书名:
单 册:
中图分类: I247.57 , H319.4
科图分类:
主题词: 英语
电子资源:
ISBN:
000 00715nam0 2200277 45
001 0180008453
005 20040510092924.1
010    @dCNY0.82
091    @a19215.264
100    @a19950306d1985 em y0chiy0121 ea
101 0  @achi
102    @aCN@b110000
105    @ay z 000ay
106    @ar
200 10 @a平原烈火@Aping yuan lie huo@f徐光耀著@g林易改写
210    @a北京@c外语教学与研究出版社@d1985
215    @a163页@d21cm
300    @a简易汉英对照读物
606 0  @a英语
690    @aI247.57@v3
690    @aH319.4
701  0 @a徐光耀@Axu guang yao@4著
702  0 @a林易@ALin Yi@4改写
801  0 @aCN@b上海图书馆@c20040510
801  2 @aCN@bNLC@c20040510
905    @f2@b212156-157@dH319.4@e311
    
    平原烈火/徐光耀著/林易改写.-北京:外语教学与研究出版社,1985
    163页;21cm
    简易汉英对照读物
    
    ISBN :CNY0.82
    
●
相关链接 在E读中查询图书 在五车中查询图书 在当当中查询图书 在豆瓣中查询图书


正题名:平原烈火     索取号:H319.4/311         预约/预借

序号 登录号 条形码 馆藏地/架位号 状态 备注
1 0212156   001097510   第四借阅区/ [索取号:H319.4/311] 在馆    
2 0212157   001097501   第四借阅区/ [索取号:H319.4/311] 在馆    
3 0212158   001097459   第二样本阅览室/ [索取号:H319.4/311] 在馆    
唐山师范学院图书馆 欢迎您!
大连网信软件有限公司© 版权所有